Ramy MTB Stunt - Statystyki

Ogólne statystyki
  • Ten quiz został rozwiązany 25 razy
    18 od ostatniego zresetowania
  • Średni wynik to 6 z 28
Statystyki odpowiedzi
Marka Model % Poprawnych
Dartmoor Hornet
73%
Marin Alcatraz
60%
Dartmoor Two6Player
47%
Specialized P3
33%
Dartmoor Street Fighter
33%
Octane One Zircus
33%
NS Bikes Zircus
33%
Kross Sign
27%
Prodigy Johnny Bravo
20%
Author A-Gang AM
13%
Giant Brass
13%
NS Bikes Clash
13%
Leader Fox Cocaine
13%
Kross Digger
13%
Leader Fox Dragstar
13%
Bop Kolbi
13%
Lazyboy Magnum
13%
Dartmoor Phantom
13%
Author A-Gang PI:EM
13%
Kona Shred
13%
Bop Stonebreaker
13%
Cloud Storm
13%
Dartmoor Street Style
13%
Merida UMF
13%
Author A-Gang 9mm
7%
Merida Hardy
7%
Kona Scrap
7%
Unibike Underground
7%
Nie znaleziono quizów pasujących do podanych kryteriów
Rozkład punktacji
Procent ludzi z każdym wynikiem
Percentyl według liczby udzielonych odpowiedzi
Twoja historia wyników
Nie rozwiązałeś tego quizu od ostatniego zresetowania